000 00538nmm a2200193Ia 4500
008 251105s9999||||xx |||||||||||||||||und||
020 _a9788433979995
041 _aspa
100 _aTawada, Yoko
245 0 _aMemorias de una osa polar
264 _a[Madrid, España] :
_bEditorial Anagrama,
_c2018
300 _a289 páginas
490 _aPanorama de narrativas
650 _aOther narratives
700 _aTawada, Yoko
700 1 _a Santana, Belén
856 _uhttps://public.digitaliapublishing.com/a/79877
942 _cCF
999 _c71883
_d71883